[Event "CZE-chT2F 1314"]
[Site "Czech Republic"]
[Date "2013.12.01"]
[Round "3.25"]
[White "Stukner, Simon"]
[Black "Zichacek, Libor"]
[Result "1-0"]
[WhiteElo "2155"]
[BlackElo "2062"]
[PlyCount "127"]
[EventDate "2013.11.03"]
[EventType "team-tourn"]
[EventRounds "11"]
[EventCountry "CZE"]
[SourceTitle "EXT 2016"]
[Source "ChessBase"]
[SourceDate "2015.10.08"]
[SourceVersion "1"]
[SourceVersionDate "2015.10.08"]
[SourceQuality "1"]
[WhiteTeam "Dobra"]
[BlackTeam "Zlin II"]
[WhiteTeamCountry "CZE"]
[BlackTeamCountry "CZE"]

1. e4 c6 2. d4 d5 3. Nd2 dxe4 4. Nxe4 Bf5 5. Ng3 Bg6 6. h4 h6 7. Nf3 Nd7 8. h5 Bh7 9. Bd3 Bxd3 10. Qxd3 e6 11. Bd2 Ngf6 12. 0-0-0 Qc7 13. Kb1 0-0-0 14. Ne4 Nxe4 15. Qxe4 Nf6 16. Qe2 Bd6 17. Bc1 Bf4 18. Rh4 Bxc1 19. Rxc1 Rd5 20. Rch1 Rhd8 21. c4 R5d6 22. Qe3 Qe7 23. d5 Kb8 24. Nd4 Qd7 25. dxc6 bxc6 26. Nb3 Rd1+ 27. Nc1 Qd3+ 28. Qxd3 R8xd3 29. Rxd1 Rxd1 30. Kc2 Rg1 31. g3 Re1 32. Kd2 Re4 33. Rxe4 Nxe4+ 34. Ke3 Nd6 35. b3 Kc7 36. Nd3 Nb7 37. Kd4 Nd6 38. g4 Ne8 39. Ne5 f6 40. Ng6 Kd6 41. b4 Nc7 42. Ke4 Na6 43. a3 Nb8 44. Nf4 Nd7 45. Nd3 Ke7 46. a4 Kd6 47. c5+ Kc7 48. Nf4 Nf8 49. b5 Kb7 50. Nd3 Nd7 51. Kd4 Kc7 52. f3 Kb7 53. Nb4 Nb8 54. Nxc6 Nxc6+ 55. bxc6+ Kxc6 56. Kc4 a6 57. Kb4 Kd5 58. Ka5 Kxc5 59. Kxa6 Kc6 60. Ka7 Kc7 61. Ka6 Kc6 62. a5 e5 63. Ka7 Kc7 64. a6 1-0

[Event "CZE-chT2E 1011"]
[Site "Czech Republic"]
[Date "2011.04.10"]
[Round "11.4"]
[White "Havranek, Michal"]
[Black "Zichacek, Libor"]
[Result "1/2-1/2"]
[WhiteElo "2029"]
[BlackElo "2026"]
[PlyCount "47"]
[EventDate "2010.10.17"]
[EventType "team-tourn"]
[EventRounds "11"]
[EventCountry "CZE"]
[SourceTitle "EXT 2012"]
[Source "ChessBase"]
[SourceDate "2011.11.24"]
[SourceVersion "1"]
[SourceVersionDate "2011.11.24"]
[SourceQuality "1"]
[WhiteTeam "Borsice"]
[BlackTeam "Holesov"]
[WhiteTeamCountry "CZE"]
[BlackTeamCountry "CZE"]

1. e4 c6 2. d4 d5 3. exd5 cxd5 4. c3 Nc6 5. Nf3 Nf6 6. Bd3 e6 7. 0-0 Be7 8. Bf4 0-0 9. Nbd2 a6 10. h3 b5 11. a3 Qb6 12. Re1 Re8 13. Qe2 Na5 14. Rad1 Nc4 15. Nxc4 bxc4 16. Bb1 Bd7 17. Ne5 Ba4 18. Rd2 Bd6 19. Bg5 Be7 20. Bxf6 Bxf6 21. Bc2 Bxc2 22. Rxc2 Bxe5 23. Qxe5 Rab8 24. Ree2 1/2-1/2

[Event "CZE-chT2E 1011"]
[Site "Czech Republic"]
[Date "2011.03.27"]
[Round "10.4"]
[White "Zichacek, Libor"]
[Black "Masak, Pavel"]
[Result "0-1"]
[WhiteElo "2026"]
[BlackElo "2123"]
[PlyCount "56"]
[EventDate "2010.10.17"]
[EventType "team-tourn"]
[EventRounds "11"]
[EventCountry "CZE"]
[SourceTitle "EXT 2012"]
[Source "ChessBase"]
[SourceDate "2011.11.24"]
[SourceVersion "1"]
[SourceVersionDate "2011.11.24"]
[SourceQuality "1"]
[WhiteTeam "Holesov"]
[BlackTeam "Adamov"]
[WhiteTeamCountry "CZE"]
[BlackTeamCountry "CZE"]

1. d4 Nf6 2. Nf3 e6 3. c4 Bb4+ 4. Bd2 Qe7 5. Qb3 Bxd2+ 6. Nbxd2 c5 7. e3 Nc6 8. Be2 0-0 9. 0-0 d6 10. Rfe1 b6 11. Rad1 Bb7 12. Qc3 Rac8 13. b3 Rfd8 14. Qb2 Qc7 15. a3 Ne7 16. Rc1 Qb8 17. Bf1 Ng6 18. Red1 Rd7 19. b4 Rcd8 20. Be2 Qa8 21. Ne1 e5 22. Nb3 exd4 23. exd4 Nf4 24. Bf3 Re8 25. d5 Rde7 26. Kf1 b5 27. cxb5 c4 28. Rxc4 Rxe1+ 0-1

[Event "CZE-chT2E 1011"]
[Site "Czech Republic"]
[Date "2011.02.06"]
[Round "7.5"]
[White "Zichacek, Libor"]
[Black "Horsak, Jan"]
[Result "1-0"]
[WhiteElo "2026"]
[BlackElo "2112"]
[PlyCount "83"]
[EventDate "2010.10.17"]
[EventType "team-tourn"]
[EventRounds "11"]
[EventCountry "CZE"]
[SourceTitle "EXT 2012"]
[Source "ChessBase"]
[SourceDate "2011.11.24"]
[SourceVersion "1"]
[SourceVersionDate "2011.11.24"]
[SourceQuality "1"]
[WhiteTeam "Holesov"]
[BlackTeam "Stare Mesto III"]
[WhiteTeamCountry "CZE"]
[BlackTeamCountry "CZE"]

1. d4 Nf6 2. Nf3 g6 3. c4 Bg7 4. Nc3 0-0 5. e4 d6 6. Be2 Nc6 7. 0-0 e5 8. d5 Ne7 9. Ne1 Ne8 10. Be3 f5 11. f3 f4 12. Bf2 g5 13. c5 Ng6 14. Rc1 Rf7 15. Nb5 a6 16. Nc3 Bf8 17. cxd6 Bxd6 18. Nd3 Nf6 19. Nc5 b6 20. Ne6 Bxe6 21. dxe6 Rg7 22. Qb3 Kh8 23. Nd5 h5 24. e7 Bxe7 25. Nxc7 g4 26. Rfd1 Qb8 27. Nxa8 Qxa8 28. Qxb6 gxf3 29. Bxf3 Ng4 30. Qc6 Qg8 31. Qc8 Nf8 32. Qxa6 h4 33. Qc4 Ne6 34. Qd5 Bf6 35. Rc6 Nxf2 36. Kxf2 h3 37. Rg1 Bh4+ 38. Kf1 hxg2+ 39. Rxg2 Rxg2 40. Bxg2 Qg4 41. Rxe6 f3 42. Re8+ 1-0

[Event "CZE-chT2E 1011"]
[Site "Czech Republic"]
[Date "2010.11.07"]
[Round "2.5"]
[White "Zichacek, Libor"]
[Black "Tichy, Miroslav2"]
[Result "1/2-1/2"]
[WhiteElo "2026"]
[BlackElo "2019"]
[PlyCount "96"]
[EventDate "2010.10.17"]
[EventType "team-tourn"]
[EventRounds "11"]
[EventCountry "CZE"]
[SourceTitle "EXT 2012"]
[Source "ChessBase"]
[SourceDate "2011.11.24"]
[SourceVersion "1"]
[SourceVersionDate "2011.11.24"]
[SourceQuality "1"]
[WhiteTeam "Holesov"]
[BlackTeam "Prostejov"]
[WhiteTeamCountry "CZE"]
[BlackTeamCountry "CZE"]

1. d4 Nf6 2. c4 c6 3. Nc3 d5 4. e3 Bg4 5. Qb3 b6 6. cxd5 Nxd5 7. e4 Nc7 8. Be3 e6 9. f3 Bh5 10. Rd1 Bd6 11. Nge2 0-0 12. Ng3 Bg6 13. Bd3 Nd7 14. 0-0 h5 15. Rfe1 h4 16. Nf1 f5 17. e5 Be7 18. f4 Bh5 19. Be2 Qe8 20. Bf2 Bxe2 21. Nxe2 Nd5 22. Ne3 g5 23. Nxd5 cxd5 24. Rc1 g4 25. g3 hxg3 26. Bxg3 Kf7 27. Nc3 Rc8 28. Nb5 a6 29. Nc7 Qd8 30. Nxa6 Nb8 31. Nxb8 Rxc1 32. Rxc1 Qxb8 33. Rc6 b5 34. a3 Rc8 35. Qc3 Rxc6 36. Qxc6 b4 37. a4 Qa7 38. Bf2 Bf8 39. b3 Bh6 40. Qc5 Qb7 41. Qb5 Qxb5 42. axb5 Ke8 43. Be3 Kd7 44. Kg2 Bf8 45. h3 gxh3+ 46. Kxh3 Be7 47. Bf2 Bd8 48. Be1 Bb6 1/2-1/2

[Event "CZE-chT2E 0809"]
[Site "Czech Republic"]
[Date "2008.12.07"]
[Round "4.8"]
[White "Krca, Milan"]
[Black "Zichacek, Libor"]
[Result "1-0"]
[WhiteElo "2090"]
[BlackElo "2008"]
[PlyCount "97"]
[EventDate "2008.10.12"]
[EventType "tourn"]
[EventRounds "11"]
[EventCountry "CZE"]
[SourceTitle "EXT 2010"]
[Source "ChessBase"]
[SourceDate "2010.11.25"]
[SourceVersion "1"]
[SourceVersionDate "2010.11.25"]
[SourceQuality "1"]
[WhiteTeam "Stare Mesto II"]
[BlackTeam "Holesov"]
[WhiteTeamCountry "CZE"]
[BlackTeamCountry "CZE"]

1. e4 c5 2. Nf3 Nc6 3. d4 cxd4 4. Nxd4 Nf6 5. Nc3 e5 6. Ndb5 d6 7. Bg5 a6 8. Na3 b5 9. Nd5 Be7 10. Bxf6 Bxf6 11. g3 0-0 12. Bg2 Bb7 13. 0-0 Bg5 14. c3 Ne7 15. Nxe7+ Qxe7 16. Nc2 Rfd8 17. Qe2 d5 18. Rad1 dxe4 19. Bxe4 Bf6 20. Nb4 g6 21. Qf3 Bxe4 22. Qxe4 Qe6 23. Qc6 Qxc6 24. Nxc6 Rxd1 25. Rxd1 Kf8 26. f3 Rc8 27. Rd6 Be7 28. Nxe7 Kxe7 29. Rxa6 Rd8 30. Rb6 Rd1+ 31. Kg2 Rd2+ 32. Kg1 Rxb2 33. a4 Rc2 34. Rxb5 Rxc3 35. Rxe5+ Kd6 36. f4 Ra3 37. a5 Ra2 38. Rb5 Kc7 39. h4 h5 40. f5 Kc6 41. fxg6 fxg6 42. Rg5 Kb7 43. Rxg6 Rxa5 44. Rg5 Ra2 45. Rxh5 Kc7 46. Rf5 Kd7 47. Rf2 Ra4 48. Re2 Ra5 49. Kg2 1-0

[Event "CZE-chT2E 0809"]
[Site "Czech Republic"]
[Date "2008.10.12"]
[Round "1.8"]
[White "Zichacek, Libor"]
[Black "Kratochvil, Jiri"]
[Result "1-0"]
[WhiteElo "2008"]
[BlackElo "1877"]
[PlyCount "57"]
[EventDate "2008.10.12"]
[EventType "tourn"]
[EventRounds "11"]
[EventCountry "CZE"]
[SourceTitle "EXT 2010"]
[Source "ChessBase"]
[SourceDate "2010.11.25"]
[SourceVersion "1"]
[SourceVersionDate "2010.11.25"]
[SourceQuality "1"]
[WhiteTeam "Holesov"]
[BlackTeam "Postorna"]
[WhiteTeamCountry "CZE"]
[BlackTeamCountry "CZE"]

1. d4 d5 2. c4 e6 3. Nf3 Nf6 4. Nc3 b6 5. Bg5 Be7 6. e3 0-0 7. Bd3 Bb7 8. 0-0 Nbd7 9. Qe2 dxc4 10. Bxc4 c5 11. Rfd1 cxd4 12. Nxd4 Bc5 13. Nxe6 fxe6 14. Bxe6+ Kh8 15. Bxd7 Qe7 16. Bb5 Qf7 17. Bh4 a6 18. Bc4 Qg6 19. Bg3 h5 20. Bd3 Qf7 21. a3 b5 22. Rac1 Bb6 23. Qc2 Qe7 24. Bg6 Ng4 25. Nd5 Bxd5 26. Rxd5 Nxe3 27. Rxh5+ Kg8 28. Bh7+ Kf7 29. Qg6# 1-0

[Event "CZE-chT2e 0607"]
[Site "Czech Republic"]
[Date "2006.10.15"]
[Round "1.5"]
[White "Zichacek, Libor"]
[Black "Svancara, Petr"]
[Result "1/2-1/2"]
[WhiteElo "2046"]
[BlackElo "2239"]
[PlyCount "110"]
[EventDate "2006.10.15"]
[EventType "team-tourn"]
[EventRounds "11"]
[EventCountry "CZE"]
[SourceTitle "EXT 2009"]
[Source "ChessBase"]
[SourceDate "2008.11.26"]
[SourceVersion "1"]
[SourceVersionDate "2008.11.26"]
[SourceQuality "1"]

1. d4 Nf6 2. c4 e6 3. Nc3 Bb4 4. Nf3 b6 5. e3 Bb7 6. Bd3 0-0 7. 0-0 Bxc3 8. bxc3 d6 9. Qc2 Nbd7 10. e4 e5 11. Bg5 h6 12. Bh4 Re8 13. Rfe1 Nf8 14. Rad1 Ng6 15. Bg3 Nh5 16. c5 Nxg3 17. hxg3 dxc5 18. dxc5 Qe7 19. cxb6 axb6 20. Bc4 Red8 21. Bd5 c6 22. Bb3 Ba6 23. Rxd8+ Rxd8 24. Rd1 Rxd1+ 25. Qxd1 Nf8 26. Nh4 g6 27. Qg4 Kh7 28. Qf3 Ne6 29. Qe3 Nc5 30. Qf3 Kg7 31. Qg4 Qg5 32. Qxg5 hxg5 33. Nf3 Kf6 34. Nd2 Bd3 35. f3 b5 36. Kf2 Ke7 37. g4 f5 38. gxf5 gxf5 39. Ke3 f4+ 40. Kf2 Kd6 41. Nf1 g4 42. Nd2 g3+ 43. Ke1 Nb7 44. Bd1 Na5 45. Be2 Bc2 46. Bd1 Bxd1 47. Kxd1 c5 48. c4 b4 49. Kc2 Nc6 50. Nb3 Nd4+ 51. Nxd4 cxd4 52. Kd2 Kc6 53. Kc2 Kb6 54. Kd2 Ka5 55. Kd3 Kb6 1/2-1/2

[Event "CZE-chT2e 0506"]
[Site "Czech Republic"]
[Date "2006.03.12"]
[Round "9.7"]
[White "Zichacek, Libor"]
[Black "Plsek, Miroslav"]
[Result "0-1"]
[WhiteElo "1948"]
[BlackElo "2142"]
[PlyCount "88"]
[EventDate "2005.10.16"]
[EventType "team-tourn"]
[EventRounds "11"]
[EventCountry "CZE"]
[SourceTitle "EXT 2008"]
[Source "ChessBase"]
[SourceDate "2007.11.25"]
[SourceVersion "1"]
[SourceVersionDate "2007.11.25"]
[SourceQuality "1"]

1. d4 Nf6 2. c4 e6 3. Nc3 Bb4 4. Nf3 c5 5. e3 d5 6. Bd3 Nc6 7. 0-0 0-0 8. a3 Bxc3 9. bxc3 Qc7 10. Qc2 b6 11. Rb1 Ba6 12. cxd5 Bxd3 13. Qxd3 exd5 14. a4 Ne4 15. Nd2 Nxd2 16. Qxd2 Rfd8 17. dxc5 bxc5 18. Ba3 Ne5 19. Rb5 Nc4 20. Qa2 Nxa3 21. Qxa3 Rac8 22. Rfb1 d4 23. Rb7 Rb8 24. Rxb8 Rxb8 25. Rd1 d3 26. c4 Qd6 27. g3 Rd8 28. Rd2 h5 29. Qb3 h4 30. Kg2 Qc6+ 31. f3 h3+ 32. Kf2 Qd6 33. Qc3 f5 34. Qa5 Rd7 35. Qb5 g5 36. Ke1 Qe7 37. Kf2 Qd6 38. Ke1 f4 39. gxf4 gxf4 40. e4 Qd4 41. Kf1 Kh7 42. Qb1 Rg7 43. Rf2 Qxc4 44. e5 Kh6 0-1

[Event "CZE-chT2e 0506"]
[Site "Czech Republic"]
[Date "2006.01.15"]
[Round "6.5"]
[White "Opravil, Karel"]
[Black "Zichacek, Libor"]
[Result "1-0"]
[WhiteElo "2119"]
[BlackElo "1948"]
[PlyCount "47"]
[EventDate "2005.10.16"]
[EventType "team-tourn"]
[EventRounds "11"]
[EventCountry "CZE"]
[SourceTitle "EXT 2008"]
[Source "ChessBase"]
[SourceDate "2007.11.25"]
[SourceVersion "1"]
[SourceVersionDate "2007.11.25"]
[SourceQuality "1"]

1. e4 c5 2. Nf3 Nc6 3. Bb5 Qb6 4. Bxc6 Qxc6 5. d3 g6 6. 0-0 Bg7 7. Re1 Nf6 8. e5 Nd5 9. c4 Nc7 10. Nc3 0-0 11. d4 cxd4 12. Qxd4 d6 13. Qh4 dxe5 14. Nxe5 Qc5 15. Bf4 f6 16. Ne4 Qb6 17. c5 Qxb2 18. Nc4 Qb4 19. Bxc7 g5 20. Nxg5 fxg5 21. Qxg5 Qxc4 22. Rxe7 Qd4 23. Rf1 Kh8 24. Rxg7 1-0

[Event "Morava-ch U15"]
[Site "Zlin"]
[Date "1999.??.??"]
[Round "9"]
[White "Holusova, Tana"]
[Black "Zichacek, Libor"]
[Result "1-0"]
[WhiteElo "1735"]
[BlackElo "1670"]
[PlyCount "72"]
[EventDate "1999.??.??"]
[EventType "swiss"]
[EventRounds "9"]
[EventCountry "CZE"]
[SourceTitle "EXT 2000"]
[Source "ChessBase"]
[SourceDate "1999.11.16"]
[SourceVersion "1"]
[SourceVersionDate "1999.11.16"]
[SourceQuality "1"]

1. e4 c5 2. Nf3 Nc6 3. d4 cxd4 4. Nxd4 Nf6 5. Nc3 e5 6. Ndb5 d6 7. Bg5 Be7 8. Bxf6 gxf6 9. Nd5 0-0 10. Nxe7+ Qxe7 11. Qxd6 Qxd6 12. Nxd6 Rd8 13. Nc4 Be6 14. Ne3 Rac8 15. c3 Kf8 16. Bb5 a6 17. Ba4 Ke7 18. 0-0 Rd2 19. Bc2 Rg8 20. f3 Re2 21. Rfe1 Rgxg2+ 22. Nxg2 Rxc2 23. Ne3 Rxb2 24. Nd5+ Bxd5 25. exd5 Na5 26. f4 Nc4 27. Rab1 Rxb1 28. Rxb1 b5 29. a4 Kd6 30. axb5 axb5 31. Rxb5 Ne3 32. Rb6+ Ke7 33. Rb7+ Kd6 34. Rxf7 Nxd5 35. fxe5+ Kxe5 36. c4 Nb4 1-0

[Event "Morava-ch U15"]
[Site "Zlin"]
[Date "1999.??.??"]
[Round "7"]
[White "Novak, Jakub"]
[Black "Zichacek, Libor"]
[Result "1/2-1/2"]
[WhiteElo "1775"]
[BlackElo "1670"]
[PlyCount "47"]
[EventDate "1999.??.??"]
[EventType "swiss"]
[EventRounds "9"]
[EventCountry "CZE"]
[SourceTitle "EXT 2000"]
[Source "ChessBase"]
[SourceDate "1999.11.16"]
[SourceVersion "1"]
[SourceVersionDate "1999.11.16"]
[SourceQuality "1"]

1. d4 d5 2. Nf3 Nf6 3. e3 e6 4. c3 c5 5. Bd3 Be7 6. Nbd2 Nc6 7. 0-0 0-0 8. dxc5 Bxc5 9. e4 Qc7 10. exd5 exd5 11. Qc2 Be6 12. Nb3 b6 13. Bg5 Ne4 14. Bxe4 dxe4 15. Qxe4 Bd6 16. h3 Rfe8 17. Nbd4 Nxd4 18. Qxd4 Bc5 19. Qd2 f6 20. Bf4 Qb7 21. Rfe1 Bxh3 22. Rxe8+ Rxe8 23. Re1 Rc8 24. Kh2 1/2-1/2

[Event "Morava-ch U15"]
[Site "Zlin"]
[Date "1999.??.??"]
[Round "2"]
[White "Zichacek, Libor"]
[Black "Malik, Jan"]
[Result "1/2-1/2"]
[WhiteElo "1670"]
[BlackElo "1780"]
[PlyCount "52"]
[EventDate "1999.??.??"]
[EventType "swiss"]
[EventRounds "9"]
[EventCountry "CZE"]
[SourceTitle "EXT 2000"]
[Source "ChessBase"]
[SourceDate "1999.11.16"]
[SourceVersion "1"]
[SourceVersionDate "1999.11.16"]
[SourceQuality "1"]

1. d4 Nf6 2. c4 e6 3. Nc3 Bb4 4. Bd2 0-0 5. Nf3 b6 6. e3 Bb7 7. Be2 Bxc3 8. Bxc3 Ne4 9. 0-0 f5 10. Ne1 Qg5 11. f4 Qe7 12. Bf3 d6 13. Nd3 Nd7 14. Nf2 Ndf6 15. Rb1 Kh8 16. Re1 Rg8 17. d5 Nxc3 18. bxc3 exd5 19. cxd5 Qf7 20. c4 Rge8 21. Qd3 Nd7 22. g3 Nc5 23. Qd4 Re7 24. Kg2 Rae8 25. Rb2 a5 26. Rbe2 Bc8 1/2-1/2